000 01166cam a2200361 i 4500
001 20637024
003 NUST
005 20220113175047.0
008 180818r20192009njua 001 0 eng
010 _a 2018955357
020 _a9781119543619 (pbk)
038 _aMuzammil
040 _aDLC
_beng
_erda
_cDLC
042 _apcc
050 0 0 _aTL152
_b.S422 2019
082 0 4 _a629.2872
_223
_bSCL
100 1 _aSclar, Deanna,
_eauthor.
_988371
245 1 0 _aAuto repair for dummies /
_cDeanna Sclar, John O'Dell, Technical Advisor.
250 _a2nd edition.
264 1 _aHoboken, New Jersey :
_bJohn Wiley & Sons,
_c[2019]
300 _axxi, 552 pages :
_billustrations ;
_c24 cm
336 _atext
_btxt
_2rdacontent
337 _aunmediated
_bn
_2rdamedia
338 _avolume
_bnc
_2rdacarrier
490 0 _aFor dummies
500 _aIncludes index.
563 _apaperback
650 0 _aAutomobiles
_xMaintenance and repair
_vAmateurs' manuals.
_988372
650 0 _aAutomobiles
_xBodies
_xMaintenance and repair.
_988373
906 _a7
_bcbc
_corignew
_d2
_eepcn
_f20
_gy-gencatlg
942 _2ddc
_cBK
999 _c587604
_d587604